000 00756nam a2200277 4500
005 20260322212032.0
008 data
010 _a 77188290
020 _a087358094X
020 _a9780873580946
040 _aDLC
_cDLC
_dDLC
043 _an-us---
050 0 0 _aND1839.W48
_bL6
082 0 0 _a759.13
092 _a759.13 L6 1972
100 1 _aLovoos, Janice.
245 1 0 _aFrederic Whitaker.
_cJanice Lovoos.
260 _aFlagstaff, Ariz.,
_bNorthland Press
_c[1972]
300 _aviii, 115 p.
_billus. (part col.)
_c30 cm.
350 _a{dollar}17.50
504 _aBibliography: p. 114.
600 1 0 _aWhitaker, Frederic.
906 _a7
_bcbc
_corignew
_d2
_encip
_f19
_gy-gencatlg
991 _bc-GenColl
_hND1839.W48
_iL6
_tCopy 1
_wBOOKS
001 data
999 _c734
_d734